[Event "Arvier op 1st"]
[White "Romano, Zeno"]
[Black "Xia, Jie"]
[Site "Arvier"]
[Round "3"]
[Result "0-1"]
[Date "2004.01.03"]
[WhiteElo "1494"]
[BlackElo "1738"]
[PlyCount "62"]
[EventDate "2004.01.02"]
[EventType "swiss"]
[EventRounds "7"]
[EventCountry "ITA"]
[SourceTitle "CBM 098 Extra"]
[Source "ChessBase"]
[SourceDate "2004.03.10"]
[SourceVersion "2"]
[SourceVersionDate "2004.03.10"]
[SourceQuality "1"]

1. e4 c5 2. Nf3 d6 3. d4 cxd4 4. Nxd4 Nf6 5. Nc3 a6 6. Be3 b5 7. f4 Qc7 8. Be2 Bb7 9. Bf3 Nbd7 10. Qd2 e6 11. 0-0 Be7 12. f5 e5 13. Nde2 Rc8 14. a3 h5 15. Rad1 Nb6 16. b3 Nbd7 17. Rc1 Ng4 18. Na2 Nxe3 19. Qxe3 d5 20. b4 d4 21. Nxd4 exd4 22. Qxd4 Bf6 23. Qd3 Ne5 24. Qd2 Nc4 25. Qd3 h4 26. Be2 0-0 27. Qf3 Qb6+ 28. Kh1 Ne3 29. Qf2 Bxe4 30. Bd3 Bxg2+ 31. Kg1 Bxf1 0-1

[Event "Bergamo Province-ch"]
[White "Gualdi, Paolo"]
[Black "Romano, Zeno"]
[Site "Bergamo"]
[Round "5"]
[Result "0-1"]
[Date "2003.11.07"]
[WhiteElo "1413"]
[BlackElo "1506"]
[PlyCount "59"]
[EventDate "2003.10.10"]
[EventType "swiss"]
[EventRounds "8"]
[EventCountry "ITA"]
[SourceTitle "EXT 2023"]
[Source "ChessBase"]
[SourceDate "2022.10.05"]
[SourceVersion "1"]
[SourceVersionDate "2022.10.05"]
[SourceQuality "1"]

1. e4 e5 2. Nf3 Nc6 3. Bc4 Bc5 4. b4 Bxb4 5. c3 Ba5 6. Qb3 Qe7 7. Bxf7+ Qxf7 8. Ng5 Qxb3 9. axb3 Nf6 10. b4 Bb6 11. d3 d6 12. Nd2 h6 13. Ngf3 Be6 14. b5 Ne7 15. Bb2 c6 16. bxc6 Nxc6 17. c4 Nb4 18. Ke2 Ng4 19. d4 exd4 20. Nxd4 Bxd4 21. Bxd4 0-0 22. Rhc1 Nc6 23. Bb2 Rxf2+ 24. Kd3 Nge5+ 25. Ke3 Rxg2 26. Rg1 Rxg1 27. Rxg1 Bxc4 28. Nf3 Be6 29. Nxe5 Nxe5 30. Kf4 0-1

[Event "Bergamo Province-ch"]
[White "Romano, Zeno"]
[Black "Elsido, Massimo"]
[Site "Bergamo"]
[Round "3"]
[Result "1/2-1/2"]
[Date "2003.10.24"]
[WhiteElo "1506"]
[BlackElo "1588"]
[PlyCount "81"]
[EventDate "2003.10.10"]
[EventType "swiss"]
[EventRounds "8"]
[EventCountry "ITA"]
[SourceTitle "EXT 2023"]
[Source "ChessBase"]
[SourceDate "2022.10.05"]
[SourceVersion "1"]
[SourceVersionDate "2022.10.05"]
[SourceQuality "1"]

1. e4 e5 2. Nf3 Nc6 3. Bc4 Bc5 4. c3 d6 5. d4 exd4 6. cxd4 Bb4+ 7. Bd2 Nf6 8. Bxb4 Nxb4 9. Nc3 0-0 10. 0-0 d5 11. Nxd5 Nbxd5 12. exd5 Nxd5 13. Qb3 Nb6 14. Rfe1 Nxc4 15. Qxc4 Be6 16. Qc5 b6 17. Qb5 a6 18. Qe5 Bd5 19. Nd2 Re8 20. Qxe8+ Qxe8 21. Rxe8+ Rxe8 22. Kf1 Kf8 23. f3 Ke7 24. Re1+ Kd7 25. Rxe8 Kxe8 26. b3 Kd7 27. Ke2 Kd6 28. Ne4+ Bxe4 29. fxe4 c5 30. Kd3 cxd4 31. Kxd4 f6 32. a3 g6 33. h3 h6 34. g3 h5 35. b4 g5 36. g4 hxg4 37. hxg4 b5 38. Kd3 Ke5 39. Ke3 Ke6 40. Kd4 Kd6 41. Kd3 1/2-1/2

[Event "Bergamo Province-ch"]
[White "Romano, Zeno"]
[Black "Mora, Lorenzo"]
[Site "Bergamo"]
[Round "1"]
[Result "0-1"]
[Date "2003.10.10"]
[WhiteElo "1506"]
[BlackElo "1705"]
[PlyCount "72"]
[EventDate "2003.10.10"]
[EventType "swiss"]
[EventRounds "8"]
[EventCountry "ITA"]
[SourceTitle "EXT 2023"]
[Source "ChessBase"]
[SourceDate "2022.10.05"]
[SourceVersion "1"]
[SourceVersionDate "2022.10.05"]
[SourceQuality "1"]

1. e4 e5 2. Nf3 Nc6 3. Bc4 Bc5 4. c3 Nf6 5. d4 exd4 6. cxd4 Bb4+ 7. Bd2 Bxd2+ 8. Nbxd2 d5 9. exd5 Nxd5 10. 0-0 0-0 11. Nb3 Bg4 12. Re1 Qd7 13. Nc5 Qf5 14. Nh4 Qg5 15. Nf3 Bh5 16. Be2 b6 17. Ne4 Qg6 18. Ne5 Bxe2 19. Nxg6 Bxd1 20. Nxf8 Bg4 21. f3 Bc8 22. Nxh7 Kxh7 23. Ng5+ Kg6 24. Ne4 Nxd4 25. Red1 c5 26. Kf2 Bf5 27. Nc3 Nb4 28. g4 Bc2 29. Rd2 Rh8 30. Kg3 f5 31. Rc1 f4+ 32. Kg2 Rxh2+ 33. Kxh2 Nxf3+ 34. Kg2 Nxd2 35. a3 f3+ 36. Kg1 Nd3 0-1

[Event "Crema op 05th"]
[White "Romano, Zeno"]
[Black "Bozuffi, Italo"]
[Site "Crema"]
[Round "6"]
[Result "1/2-1/2"]
[Date "2003.09.07"]
[WhiteElo "1500"]
[BlackElo "1570"]
[PlyCount "80"]
[EventDate "2003.09.05"]
[EventType "swiss"]
[EventRounds "6"]
[EventCountry "ITA"]
[SourceTitle "EXT 2007"]
[Source "ChessBase"]
[SourceDate "2006.11.23"]
[SourceVersion "1"]
[SourceVersionDate "2006.11.23"]
[SourceQuality "1"]

1. e4 Nc6 2. d4 e5 3. d5 Nce7 4. Nf3 d6 5. Be3 f5 6. Nc3 f4 7. Bd2 a6 8. g3 fxg3 9. hxg3 Bg4 10. Bh3 Qd7 11. Nxe5 dxe5 12. Bxg4 Qd6 13. Be6 Nf6 14. Qe2 Nd7 15. f4 0-0-0 16. Be3 Kb8 17. 0-0-0 Ng6 18. f5 Ne7 19. Qf2 b6 20. Qe2 Kb7 21. Nb1 Nf6 22. Bf2 Qb4 23. Nd2 Nc8 24. Nc4 Qa4 25. Rd3 Qxc4 26. d6 Qxe4 27. Bd5+ Qxd5 28. Rxd5 Nxd5 29. dxc7 Nxc7 30. Qxe5 h6 31. f6 gxf6 32. Qxf6 Be7 33. Qf3+ Kb8 34. Qe4 Bg5+ 35. Kb1 Rhe8 36. Qb4 Ka7 37. a3 Kb7 38. a4 a5 39. Qa3 Rd2 40. Qf3+ Kb8 1/2-1/2